000 00580nam a2200193Ia 4500
999 _c3561
_d3561
003 OSt
005 20200928093500.0
008 190216s9999||||xx |||||||||||||| ||und||
020 _a9780521178747
040 _coclc
082 _a572
_bWIL/P
100 _aWilson, Keith
_95035
245 0 _aPrinciples And Techniques Of Biochemistry And Molecular Biology /
_cKeith Wilson ; John Walker
250 _a7th Ed.
260 _bCambridge Uty Press,
_c2009.
_aNew York:
300 _a744p
650 _aBiochemistry
942 _cBK
_2ddc
_h572
_iWAL/P
_k572
_mWAL/P